[Event "Thrissur op (Women)"]
[Site "Thrissur"]
[Date "2013.07.30"]
[Round "7"]
[White "Bhakti, Kulkarni"]
[Black "Sathya, Priya SV"]
[Result "1-0"]
[WhiteElo "2271"]
[BlackElo "1858"]
[PlyCount "67"]
[EventDate "2013.07.26"]
[EventType "swiss"]
[EventRounds "11"]
[EventCountry "IND"]
[SourceTitle "EXT 2014"]
[Source "ChessBase"]
[SourceDate "2013.11.20"]
[SourceVersion "1"]
[SourceVersionDate "2013.11.20"]
[SourceQuality "1"]

1. d4 d5 2. c4 dxc4 3. Nf3 Nf6 4. e3 e6 5. Bxc4 a6 6. 0-0 c5 7. Qe2 Nc6 8. Rd1 cxd4 9. exd4 Be7 10. a3 0-0 11. Nc3 b5 12. Ba2 Qc7 13. Bg5 Rd8 14. Rac1 Bb7 15. Bxf6 Bxf6 16. d5 exd5 17. Nxd5 Qd6 18. Qc2 Ne5 19. Nxf6+ Qxf6 20. Nxe5 Qxe5 21. Qb3 Qe7 22. Re1 Qf6 23. Qxf7+ Qxf7 24. Bxf7+ Kxf7 25. Rc7+ Kg8 26. Rxb7 Rd2 27. h3 Rf8 28. f3 Rc8 29. Ree7 Rxb2 30. Rxg7+ Kf8 31. Rxh7 Kg8 32. Rbg7+ Kf8 33. Ra7 Kg8 34. Rhb7 1-0

[Event "Wch U20 Girls 29th"]
[Site "Chennai"]
[Date "2011.08.15"]
[Round "13"]
[White "Sathya, Priya SV"]
[Black "Olenina, Aysa"]
[Result "1/2-1/2"]
[WhiteElo "1842"]
[BlackElo "2094"]
[PlyCount "82"]
[EventDate "2011.08.02"]
[EventType "swiss"]
[EventRounds "13"]
[EventCountry "IND"]
[SourceTitle "CBM 143 Extra"]
[Source "ChessBase"]
[SourceDate "2011.08.29"]
[SourceVersion "1"]
[SourceVersionDate "2011.08.29"]
[SourceQuality "1"]

1. d4 Nf6 2. c4 e6 3. Nc3 Bb4 4. e3 0-0 5. Nf3 d5 6. Bd3 c5 7. cxd5 exd5 8. b3 Nc6 9. dxc5 Bxc5 10. Bb2 d4 11. exd4 Nxd4 12. Nxd4 Qxd4 13. 0-0 Ng4 14. Qc2 Qf4 15. g3 Qh6 16. h4 Ne5 17. Be4 Bh3 18. Bg2 Bxg2 19. Kxg2 Qf6 20. Ne4 Qf5 21. Bxe5 Qxe5 22. Nxc5 Rac8 23. Rac1 b6 24. b4 bxc5 25. bxc5 Qd5+ 26. Kg1 Qc6 27. Rfd1 h6 28. Rd6 Qc7 29. Qd2 Rfd8 30. Rd1 Re8 31. c6 Qb6 32. Rc1 Rc7 33. Qd3 Rce7 34. c7 Rxc7 35. Rd1 Qa5 36. Rd2 Rc3 37. Qd4 Rc1+ 38. Kg2 Qb5 39. Qd3 Qb7+ 40. Qd5 Qb1 41. Rd7 Qg6 1/2-1/2

[Event "IND Challenger (Women)"]
[Site "Nagpur"]
[Date "2009.09.14"]
[Round "10"]
[White "Saranya, J."]
[Black "Sathya, Priya SV"]
[Result "1-0"]
[WhiteElo "2132"]
[BlackElo "1907"]
[PlyCount "79"]
[EventDate "2009.09.07"]
[EventType "swiss"]
[EventRounds "11"]
[EventCountry "IND"]
[SourceTitle "CBM 132 Extra"]
[Source "ChessBase"]
[SourceDate "2009.11.03"]
[SourceVersion "1"]
[SourceVersionDate "2009.11.03"]
[SourceQuality "1"]

1. e4 c5 2. Nf3 e6 3. d4 cxd4 4. Nxd4 a6 5. c4 Qc7 6. Nc3 Nf6 7. Be3 g6 8. Be2 Bg7 9. 0-0 d6 10. f4 Nc6 11. Rc1 Nxd4 12. Bxd4 0-0 13. g4 Bd7 14. b3 Ne8 15. Be3 f5 16. exf5 exf5 17. Nd5 Qd8 18. Bb6 Qb8 19. g5 Bc6 20. Bf3 Bxd5 21. cxd5 a5 22. Be2 Rf7 23. Qc2 Bf8 24. h4 Be7 25. h5 Bd8 26. Bd4 Rc7 27. Qd2 b5 28. hxg6 hxg6 29. Kg2 Rxc1 30. Rxc1 Qb7 31. Rh1 Ng7 32. Bf3 b4 33. Rh6 Qf7 34. Kg1 Rc8 35. Be2 Bc7 36. Bb5 Bb8 37. Bf6 Ba7+ 38. Kf1 Bb6 39. Bc6 Bd8 40. Qh2 1-0

[Event "IND-chB (Women) 35th"]
[Site "Calicut"]
[Date "2008.06.09"]
[Round "5"]
[White "Sathya, Priya SV"]
[Black "Gagare, Shalmali"]
[Result "1/2-1/2"]
[WhiteElo "1883"]
[BlackElo "2090"]
[PlyCount "109"]
[EventDate "2008.06.06"]
[EventType "swiss"]
[EventRounds "11"]
[EventCountry "IND"]
[SourceTitle "CBM 124 Extra"]
[Source "ChessBase"]
[SourceDate "2008.07.03"]
[SourceVersion "1"]
[SourceVersionDate "2008.07.03"]
[SourceQuality "1"]

1. d4 d5 2. c4 dxc4 3. Nf3 Nf6 4. e3 e6 5. Bxc4 a6 6. a3 c5 7. Nc3 cxd4 8. Nxd4 Be7 9. 0-0 0-0 10. h3 Qc7 11. Bd3 Nbd7 12. Qc2 b5 13. b3 Bb7 14. Bb2 Rac8 15. Rac1 Nc5 16. Be2 Qb8 17. Bf3 Nce4 18. Qe2 Qa8 19. b4 Nd6 20. Bxb7 Qxb7 21. Nb3 Nc4 22. Nb1 e5 23. Rc2 Nd7 24. N1d2 Ndb6 25. Nxc4 Nxc4 26. Nd2 Nxb2 27. Rxb2 Rc3 28. Rb3 Rc2 29. Qf3 Qd7 30. Nb1 Qe6 31. e4 Rfc8 32. Rd1 Bh4 33. g3 Be7 34. Kg2 h6 35. Rc3 R2xc3 36. Nxc3 Qb3 37. Nd5 Qxf3+ 38. Kxf3 Bf6 39. Rd3 Kf8 40. Rc3 Rxc3+ 41. Nxc3 Bg5 42. Nd5 Bc1 43. Nc7 Bxa3 44. Nxa6 Ke7 45. Nc7 Kd7 46. Nd5 Kd6 47. Ke2 f5 48. Kd3 g6 49. f3 Bb2 50. Nc3 Bxc3 51. Kxc3 fxe4 52. fxe4 Ke6 53. g4 Kf6 54. h4 g5 55. h5 1/2-1/2

[Event "Commonwealth-ch"]
[Site "New Delhi"]
[Date "2007.12.10"]
[Round "10"]
[White "Gagare, Shalmali"]
[Black "Sathya, Priya SV"]
[Result "1-0"]
[WhiteElo "1988"]
[BlackElo "1888"]
[PlyCount "73"]
[EventDate "2007.12.03"]
[EventType "swiss"]
[EventRounds "10"]
[EventCountry "IND"]
[SourceTitle "CBM 121 Extra"]
[Source "ChessBase"]
[SourceDate "2008.01.10"]
[SourceVersion "1"]
[SourceVersionDate "2008.01.10"]
[SourceQuality "1"]

1. c4 e6 2. d4 d5 3. g3 Nf6 4. Bg2 dxc4 5. Qa4+ Nbd7 6. Qxc4 c5 7. Nf3 a6 8. Qc2 Bd6 9. 0-0 Qc7 10. Nc3 Rb8 11. a3 b5 12. dxc5 Nxc5 13. Bg5 Nce4 14. Rac1 Nxg5 15. Nxg5 0-0 16. Qd3 Qe7 17. Rfd1 Rd8 18. Nce4 Nxe4 19. Nxe4 Bc7 20. Qc2 Bb7 21. Nc5 Bc8 22. Rxd8+ Bxd8 23. b4 e5 24. Qe4 a5 25. Qd5 axb4 26. axb4 Bb6 27. Qc6 Ba7 28. Bf3 h6 29. Be4 Bxc5 30. Rxc5 Bd7 31. Qc7 Rc8 32. Qb7 Rd8 33. Rd5 g6 34. Qc7 Kf8 35. Bd3 g5 36. Bxb5 Ra8 37. Rxd7 1-0

[Event "Commonwealth-ch"]
[Site "New Delhi"]
[Date "2007.12.03"]
[Round "1"]
[White "Sathya, Priya SV"]
[Black "Saurabh, Kherdekar"]
[Result "0-1"]
[WhiteElo "1888"]
[BlackElo "2291"]
[PlyCount "100"]
[EventDate "2007.12.03"]
[EventType "swiss"]
[EventRounds "10"]
[EventCountry "IND"]
[SourceTitle "CBM 121 Extra"]
[Source "ChessBase"]
[SourceDate "2008.01.10"]
[SourceVersion "1"]
[SourceVersionDate "2008.01.10"]
[SourceQuality "1"]

1. d4 Nf6 2. c4 Nc6 3. Nc3 e5 4. d5 Ne7 5. e4 Ng6 6. a3 Bc5 7. Bd3 d6 8. Nf3 a6 9. h3 0-0 10. 0-0 Nh5 11. Kh1 Nhf4 12. Kh2 Nxd3 13. Qxd3 Nf4 14. Bxf4 exf4 15. Qd2 Qf6 16. e5 Qh6 17. b4 Ba7 18. exd6 cxd6 19. Rae1 Bg4 20. Nd4 Rac8 21. Qd3 f3 22. Nxf3 Qf4+ 23. Kg1 Bf5 24. Ne4 Rfe8 25. Nfd2 Re7 26. Qg3 Qxg3 27. Nxg3 Rxe1 28. Rxe1 Bd7 29. Re7 Rd8 30. Re1 f5 31. Rc1 Re8 32. Kf1 Kf7 33. Re1 Rc8 34. Ke2 b5 35. Rc1 Kg6 36. f3 Re8+ 37. Kd1 Bf2 38. Ne2 Kf6 39. cxb5 Bxb5 40. Nc4 Rc8 41. Nxd6 Bxe2+ 42. Kxe2 Rxc1 43. Kxf2 Ke5 44. Nb7 Kxd5 45. g3 Rc2+ 46. Ke3 Rc3+ 47. Kf4 Rxa3 48. g4 Rb3 49. gxf5 Rxb4+ 50. Kg5 Rxb7 0-1

[Event "IND-chB (Women) 34th"]
[Site "Hyderabad"]
[Date "2007.05.21"]
[Round "?"]
[White "Kanuri, Tejashwi"]
[Black "Sathya, Priya SV"]
[Result "1-0"]
[WhiteElo "2052"]
[BlackElo "1924"]
[PlyCount "71"]
[EventDate "2007.05.21"]
[EventType "swiss"]
[EventRounds "11"]
[EventCountry "IND"]
[SourceTitle "EXT 2010"]
[Source "ChessBase"]
[SourceDate "2010.11.25"]
[SourceVersion "1"]
[SourceVersionDate "2010.11.25"]
[SourceQuality "1"]

1. e4 c5 2. Nf3 e6 3. d4 cxd4 4. Nxd4 a6 5. Bd3 Nf6 6. 0-0 Qc7 7. Qe2 d6 8. c4 g6 9. Nc3 Bg7 10. Nf3 Nc6 11. h3 0-0 12. Be3 Nd7 13. Rac1 Nde5 14. Nxe5 Nxe5 15. f4 Nd7 16. f5 b6 17. Bb1 Bb7 18. Qf2 Rae8 19. Kh1 Qc6 20. Bg5 Nf6 21. b3 h6 22. Bd2 exf5 23. exf5 Nh5 24. Nd5 Be5 25. Kg1 g5 26. f6 Qd7 27. Qf3 Ng3 28. Rfe1 Bc8 29. Rxe5 Rxe5 30. Qxg3 Rfe8 31. Qd3 Qf5 32. Qxf5 Bxf5 33. Bxf5 Kf8 34. Bd3 Rb8 35. Bb4 Re6 36. Bf5 1-0

[Event "Chennai WinTV op 1st"]
[Site "Chennai"]
[Date "2004.01.21"]
[Round "1"]
[White "Sathya, Priya SV"]
[Black "Syed Anwar, Shazuli"]
[Result "0-1"]
[WhiteElo "1902"]
[BlackElo "2280"]
[PlyCount "45"]
[EventDate "2004.01.21"]
[EventType "swiss"]
[EventRounds "13"]
[EventCountry "IND"]
[SourceTitle "CBM 098 Extra"]
[Source "ChessBase"]
[SourceDate "2004.03.10"]
[SourceVersion "2"]
[SourceVersionDate "2004.03.10"]
[SourceQuality "1"]

1. d4 d5 2. c4 e6 3. Nf3 c6 4. e3 Nf6 5. Nc3 Nbd7 6. Bd3 Bd6 7. c5 Bc7 8. b4 e5 9. Nd2 0-0 10. 0-0 Re8 11. b5 Nf8 12. Nb3 Ng6 13. h3 Bd7 14. Re1 e4 15. Bf1 Nh4 16. bxc6 bxc6 17. Kh1 Qc8 18. Bd2 Bg4 19. Qc2 Qf5 20. Bc1 Bxh3 21. gxh3 Qf3+ 22. Kg1 Ng4 23. Qe2 0-1